[Event "Znojemska Rotunda 2007"]
[Site "?"]
[Date "2007.08.19"]
[Round "3.2"]
[White "Snorek, Milan"]
[Black "Chalupa, Ivan"]
[Result "1/2-1/2"]
[WhiteElo "2161"]
[BlackElo "2170"]
[PlyCount "103"]
[EventDate "2007.08.18"]

1. d4 Nf6 2. Nf3 e6 3. c4 c5 4. d5 b5 5. Bg5 Qa5+ 6. Qd2 Qxd2+ 7. Nbxd2 bxc4 8.
dxe6 fxe6 9. Nxc4 Nc6 10. O-O-O Ne4 11. Bh4 Be7 12. Bg3 d5 13. Ncd2 Nxg3 14.
hxg3 Rb8 15. e4 Bf6 16. b3 g5 17. Re1 O-O 18. g4 Kg7 19. e5 Be7 20. Bd3 h6 21.
Kd1 Nb4 22. Bb1 Ba6 23. Rxh6 Kxh6 24. Rh1+ Kg7 25. Rh7+ Kg8 26. Rxe7 Nd3 27.
Rxe6 Nxf2+ 28. Ke1 Nd3+ 29. Kf1 Rb6 30. Rxb6 axb6 31. Kg1 Re8 32. Nxg5 Nxe5 33.
Bf5 Bc8 34. Bxc8 Rxc8 35. Kf2 Nd3+ 36. Ke3 Nc1 37. a4 c4 38. bxc4 dxc4 39. Ndf3
Nb3 40. Ne1 Re8+ 41. Kf2 Ra8 42. Ne4 Rxa4 43. Nf6+ Kf7 44. Nd5 Ra2+ 45. Ke3 Nc1
46. Kd4 b5 47. Nf3 Ne2+ 48. Kc5 c3 49. Nb4 Rb2 50. Ne1 Nf4 51. g3 Ne6+ 52. Kxb5
1/2-1/2

[Event "Znojemska Rotunda 2007"]
[Site "?"]
[Date "2007.08.19"]
[Round "3.3"]
[White "Jurica, Peter"]
[Black "Simecek, Josef"]
[Result "1/2-1/2"]
[WhiteElo "2115"]
[BlackElo "1459"]
[PlyCount "48"]
[EventDate "2007.08.18"]

1. Nf3 Nf6 2. d4 d5 3. c4 e6 4. Nc3 Bb4 5. g3 c5 6. Bg2 O-O 7. O-O Nc6 8. cxd5
exd5 9. dxc5 Bxc5 10. Bg5 d4 11. Bxf6 Qxf6 12. Ne4 Qe7 13. Nxc5 Qxc5 14. Rc1
Qb4 15. b3 Rd8 16. Qd3 h6 17. Rxc6 bxc6 18. Ne5 Bb7 19. Qf5 Qe7 20. Nxc6 Bxc6
21. Bxc6 Rac8 22. Be4 g6 23. Qf4 Kg7 24. Bd3 Qd6 1/2-1/2

[Event "Znojemska Rotunda 2007"]
[Site "?"]
[Date "2007.08.19"]
[Round "3.4"]
[White "Slacky, Stanislav"]
[Black "Horak, Karel jun"]
[Result "1/2-1/2"]
[WhiteElo "2112"]
[BlackElo "1943"]
[PlyCount "41"]
[EventDate "2007.08.18"]

1. d4 Nf6 2. c4 g6 3. g3 Bg7 4. Bg2 c5 5. Nf3 O-O 6. O-O cxd4 7. Nxd4 Nc6 8.
Nb3 d6 9. Nc3 Be6 10. c5 d5 11. Bg5 d4 12. Nb5 Ne8 13. Qc1 a6 14. Na3 f6 15.
Bh6 Bd5 16. Bxg7 Nxg7 17. Nc4 Bxg2 18. Kxg2 Qd5+ 19. f3 Rad8 20. Nb6 Qe6 21.
Qc4 1/2-1/2

[Event "Znojemska Rotunda 2007"]
[Site "?"]
[Date "2007.08.19"]
[Round "3.5"]
[White "Valenta, Petr"]
[Black "Babczynski, Marcel"]
[Result "0-1"]
[WhiteElo "1937"]
[BlackElo "1942"]
[PlyCount "80"]
[EventDate "2007.08.18"]

1. c4 Nf6 2. g3 e6 3. Bg2 d5 4. cxd5 exd5 5. d4 Bb4+ 6. Bd2 Bxd2+ 7. Nxd2 O-O
8. Ngf3 c6 9. O-O Bf5 10. Qb3 Qb6 11. Qc3 Nbd7 12. a4 a5 13. Ra3 Ne4 14. Nxe4
Bxe4 15. Rb3 Qc7 16. Bh3 Bxf3 17. Qxf3 Nb6 18. Rc1 Nc4 19. Qd3 Nd6 20. Bg2 Qe7
21. Rbc3 f5 22. e3 Rf6 23. b3 Raf8 24. R3c2 g5 25. h3 f4 26. Bxd5+ cxd5 27. Rc7
Qe4 28. Qxe4 dxe4 29. exf4 gxf4 30. g4 e3 31. f3 Rd8 32. Re7 Nf7 33. h4 Rxd4
34. g5 Rc6 35. Re1 Rc2 36. Rxb7 Rdd2 37. b4 Rg2+ 38. Kh1 Rh2+ 39. Kg1 Rcg2+ 40.
Kf1 e2+ 0-1

[Event "Znojemska Rotunda 2007"]
[Site "?"]
[Date "2007.08.19"]
[Round "3.6"]
[White "Dvorak, Libor"]
[Black "Hemala, Lubos"]
[Result "1-0"]
[WhiteElo "2082"]
[BlackElo "1653"]
[PlyCount "69"]
[EventDate "2007.08.18"]

1. Nf3 e6 2. c4 Nf6 3. g3 c5 4. Bg2 Nc6 5. Nc3 Be7 6. O-O O-O 7. d4 cxd4 8.
Nxd4 Bc5 9. e3 Ne5 10. b3 Ne8 11. Bb2 f5 12. Nxe6 Qe7 13. Nxf8 Qxf8 14. Qd5+
Nf7 15. Qxf5 Nf6 16. Ne4 Nxe4 17. Bxe4 g6 18. Qf6 Be7 19. Qf4 Bg5 20. Qf3 d6
21. Bd5 h5 22. h4 Be7 23. Qf4 Bf5 24. e4 Bd7 25. Rfe1 Be8 26. e5 Kh7 27. exd6
Bxd6 28. Qf6 Bc5 29. Re6 Nh6 30. Rae1 Qxf6 31. Bxf6 Bf7 32. Re7 Bxe7 33. Rxe7
Re8 34. Rxe8 Bxe8 35. Bxb7 1-0

[Event "Znojemska Rotunda 2007"]
[Site "?"]
[Date "2007.08.19"]
[Round "3.7"]
[White "Molik, Zdenek"]
[Black "Fojtik, Tomas"]
[Result "0-1"]
[WhiteElo "1617"]
[BlackElo "2069"]
[PlyCount "84"]
[EventDate "2007.08.18"]

1. e4 c5 2. Nf3 e6 3. d4 cxd4 4. Nxd4 a6 5. Nc3 Qc7 6. a3 Nc6 7. Be3 Nf6 8. Be2
d6 9. Nb3 Be7 10. O-O Bd7 11. Rc1 O-O 12. f4 Rad8 13. Qe1 Nb8 14. Qf2 Rde8 15.
Rcd1 Bc6 16. Bf3 b5 17. Bb6 Qc8 18. e5 dxe5 19. fxe5 Nfd7 20. Rfe1 Bxf3 21.
gxf3 Nc6 22. f4 f6 23. exf6 Rxf6 24. Be3 Qb7 25. Ne4 Rg6+ 26. Kf1 Rf8 27. Ng3
Nce5 28. Qg2 Qc7 29. Kg1 Ng4 30. Rd3 Nxe3 31. Rdxe3 Nc5 32. Rf1 Qb6 33. Kh1 Na4
34. Ref3 Nxb2 35. Qf2 Qxf2 36. R3xf2 Bxa3 37. Rf3 Bd6 38. Ne4 Bc7 39. Nbc5 Ra8
40. Ra1 Bb6 41. Rg1 Rxg1+ 42. Kxg1 Na4 0-1

[Event "Znojemska Rotunda 2007"]
[Site "?"]
[Date "2007.08.19"]
[Round "3.8"]
[White "Dobes, Oldrich"]
[Black "Jostic, Peter"]
[Result "0-1"]
[WhiteElo "2050"]
[BlackElo "1612"]
[PlyCount "90"]
[EventDate "2007.08.18"]

1. e4 e5 2. Nf3 Nc6 3. Bb5 a6 4. Bxc6 dxc6 5. O-O Bg4 6. d3 Bc5 7. Nbd2 Ne7 8.
Qe1 Ng6 9. h3 h5 10. Nh2 Be6 11. Nb3 Bb6 12. Be3 Qf6 13. Kh1 Nf4 14. Bxf4 exf4
15. Qc3 Qxc3 16. bxc3 g5 17. Nd4 Bd7 18. Nf5 O-O-O 19. g4 Bxf5 20. exf5 Ba5 21.
gxh5 Bxc3 22. Rab1 Rxh5 23. Kg2 Rdh8 24. Nf3 f6 25. Ng1 Re8 26. Rb3 Ba5 27. d4
Rh7 28. Rfb1 Rd7 29. Rxb7 Bb6 30. R1xb6 cxb6 31. Rxb6 Kc7 32. Rxa6 Rxd4 33. Nf3
Rd5 34. c4 Rxf5 35. Rxc6+ Kxc6 36. Nd4+ Kc5 37. Nxf5 Ra8 38. Kf3 Rxa2 39. h4
Kxc4 40. h5 Kd5 41. h6 Ke6 42. h7 Ra8 43. Kg4 Rh8 44. f3 Rxh7 45. Nh6 Ra7 0-1

[Event "Znojemska Rotunda 2007"]
[Site "?"]
[Date "2007.08.19"]
[Round "3.9"]
[White "Rysavy, Jan"]
[Black "Petlak, Josef"]
[Result "0-1"]
[WhiteElo "1601"]
[BlackElo "2014"]
[PlyCount "80"]
[EventDate "2007.08.18"]

1. e4 e6 2. d4 d5 3. Nd2 c6 4. Ngf3 Be7 5. Bd3 b6 6. exd5 exd5 7. Ne5 Nf6 8.
O-O O-O 9. Ndf3 h6 10. Be3 a5 11. Qe2 c5 12. c3 Bd6 13. Rfe1 Ra7 14. Rad1 Re7
15. Qc2 Qc7 16. Bf4 c4 17. Bf5 Rfe8 18. h3 b5 19. a3 b4 20. axb4 axb4 21. Ra1
b3 22. Qb1 Nbd7 23. Nxd7 Rxe1+ 24. Nxe1 Bxd7 25. Bxd7 Qxd7 26. Bxd6 Qxd6 27.
Nf3 Qf4 28. Ne5 Ne4 29. Qe1 f6 30. Nc6 Nd6 31. Ne7+ Kh7 32. Qb1+ Ne4 33. Nxd5
Qxf2+ 34. Kh1 f5 35. Qc1 Ng3+ 36. Kh2 Re2 37. Nf4 Rxb2 38. Ra7 Rc2 39. Rxg7+
Kxg7 40. Ne6+ Kg8 0-1

[Event "Znojemska Rotunda 2007"]
[Site "?"]
[Date "2007.08.19"]
[Round "3.10"]
[White "Chlapecka, Adam"]
[Black "Vavrousek, Petr"]
[Result "0-1"]
[WhiteElo "1493"]
[BlackElo "1887"]
[PlyCount "44"]
[EventDate "2007.08.18"]

1. e4 c5 2. Nc3 Nc6 3. g3 e6 4. Bg2 Nge7 5. d3 d5 6. exd5 exd5 7. Nf3 Bg4 8.
O-O Ng6 9. h3 Be6 10. Ng5 Be7 11. Nxe6 fxe6 12. Re1 Qd7 13. Bd2 O-O 14. Rxe6 d4
15. Rxg6 dxc3 16. Rxg7+ Kxg7 17. Bxc3+ Nd4 18. Qh5 Qf5 19. Qe2 Bf6 20. Qd1 Rae8
21. Be4 Qxh3 22. Qd2 Rxe4 0-1

[Event "Znojemska Rotunda 2007"]
[Site "?"]
[Date "2007.08.19"]
[Round "3.11"]
[White "Horak, Karel sen"]
[Black "Holik, Jakub"]
[Result "1-0"]
[WhiteElo "1786"]
[BlackElo "1451"]
[PlyCount "47"]
[EventDate "2007.08.18"]

1. d4 Nf6 2. Nf3 e6 3. Bf4 d5 4. e3 Bd7 5. Bd3 c5 6. c3 Nc6 7. Nbd2 Be7 8. h3
O-O 9. O-O Rc8 10. Re1 c4 11. Bc2 b5 12. e4 a5 13. Ne5 Nxe5 14. dxe5 Ne8 15.
exd5 exd5 16. Nf3 Nc7 17. Nd4 b4 18. Nf5 Bc5 19. Qf3 Bc6 20. Qg3 g6 21. Bg5 Qd7
22. Nh6+ Kg7 23. Bf6+ Kxh6 24. Qh4# 1-0

[Event "Znojemska Rotunda 2007"]
[Site "?"]
[Date "2007.08.19"]
[Round "3.13"]
[White "Sramek, Jiri"]
[Black "Adam, Petr"]
[Result "0-1"]
[WhiteElo "1366"]
[BlackElo "1636"]
[PlyCount "98"]
[EventDate "2007.08.18"]

1. e4 c5 2. Nf3 Nc6 3. d4 cxd4 4. Nxd4 e5 5. Nf5 a6 6. Nd6+ Bxd6 7. Qxd6 Qf6 8.
Qxf6 Nxf6 9. Nc3 h6 10. Bd3 Ne7 11. O-O d5 12. exd5 Nexd5 13. Nxd5 Nxd5 14. f4
exf4 15. Bxf4 Nxf4 16. Rxf4 O-O 17. Raf1 Be6 18. b3 Rac8 19. R1f2 Rfd8 20. h3
Rc5 21. Bf5 Rd1+ 22. Kh2 g5 23. Bg4 Bxg4 24. Rxg4 f5 25. Rg3 f4 26. Rgf3 Rc1
27. c4 Re5 28. Rf1 Rc2 29. R3f2 Ree2 30. Rxe2 Rxe2 31. a4 Re3 32. Rf3 Rxf3 33.
gxf3 Kf7 34. Kg2 Ke6 35. Kf2 Ke5 36. Ke2 Kd4 37. Kd2 a5 38. c5 Kxc5 39. Kc3 b6
40. Kd3 Kb4 41. Kc2 h5 42. Kb2 g4 43. hxg4 hxg4 44. fxg4 f3 45. g5 f2 46. g6
f1=Q 47. g7 Qg2+ 48. Kb1 Kc3 49. g8=Q Qb2# 0-1

[Event "Znojemska Rotunda 2007"]
[Site "?"]
[Date "2007.08.19"]
[Round "3.15"]
[White "Jadud, Oto"]
[Black "Bastyr, Pavel"]
[Result "1-0"]
[WhiteElo "1977"]
[BlackElo "1569"]
[PlyCount "63"]
[EventDate "2007.08.18"]

1. e4 c6 2. d4 d5 3. Nc3 dxe4 4. Nxe4 Bf5 5. Ng3 Bg6 6. Nf3 Nd7 7. h4 h6 8. h5
Bh7 9. Bd3 Bxd3 10. Qxd3 e6 11. Bf4 Ngf6 12. c4 Bb4+ 13. Kf1 O-O 14. Rh4 Be7
15. Qe3 Kh7 16. Re1 Nd5 17. Qe4+ Kh8 18. cxd5 cxd5 19. Qe3 Bxh4 20. Bxh6 Bxg3
21. fxg3 Qf6 22. Bg5 Qf5 23. Kg1 Qh7 24. g4 Rac8 25. Qf4 Kg8 26. h6 Rfe8 27.
hxg7 Kxg7 28. Ne5 Nxe5 29. Bf6+ Kg8 30. Rxe5 Rc4 31. Rg5+ Kf8 32. Qd6+ 1-0

[Event "Znojemska Rotunda 2007"]
[Site "?"]
[Date "2007.08.19"]
[Round "3.16"]
[White "Rysavy, Jindrich"]
[Black "Havel, Vojtech"]
[Result "0-1"]
[WhiteElo "1413"]
[BlackElo "1661"]
[PlyCount "47"]
[EventDate "2007.08.18"]

1. d4 Nf6 2. c4 e6 3. Bg5 Be7 4. Nc3 d5 5. e3 O-O 6. Bxf6 Bxf6 7. cxd5 exd5 8.
Bd3 c6 9. h4 h6 10. h5 Re8 11. Bc2 Bg5 12. Nf3 Bg4 13. Qd3 Qf6 14. Ne5 Be6 15.
Nf3 Na6 16. Nxg5 Qxg5 17. Qf1 Nb4 18. O-O-O Bg4 19. Re1 Bxh5 20. Bb1 Bg6 21.
Rg1 Bxb1 22. Kxb1 Qg6+ 23. Ka1 Nc2+ 24. Kb1 0-1

[Event "Znojemska Rotunda 2007"]
[Site "?"]
[Date "2007.08.20"]
[Round "4.1"]
[White "Chalupa, Ivan"]
[Black "Docekal, Jan"]
[Result "0-1"]
[WhiteElo "2170"]
[BlackElo "2209"]
[PlyCount "74"]
[EventDate "2007.08.18"]

1. e4 d5 2. exd5 Nf6 3. d4 Nxd5 4. c4 Nb6 5. Nf3 Bg4 6. c5 N6d7 7. Qb3 b6 8. h3
Bxf3 9. Qxf3 c6 10. b4 e6 11. Bb2 Nf6 12. Nd2 Nd5 13. a3 a5 14. b5 Be7 15. a4
O-O 16. Nb3 Bf6 17. Bc4 Nb4 18. Qe2 Nd7 19. O-O Rc8 20. Rac1 cxb5 21. Bxb5 Nb8
22. Rfd1 N8c6 23. Bxc6 Rxc6 24. Ba3 Qd5 25. Qb5 Bg5 26. Rc3 Be7 27. Bxb4 axb4
28. Qxb4 bxc5 29. Qb7 c4 30. Qxe7 cxb3 31. Rxc6 Qxc6 32. Qb4 Qc2 33. Rd2 Rc8
34. a5 h5 35. Kh2 Qe4 36. Rd1 Rc2 37. Qxb3 Rxf2 0-1

[Event "Znojemska Rotunda 2007"]
[Site "?"]
[Date "2007.08.20"]
[Round "4.2"]
[White "Simecek, Josef"]
[Black "Snorek, Milan"]
[Result "0-1"]
[WhiteElo "1459"]
[BlackElo "2161"]
[PlyCount "89"]
[EventDate "2007.08.18"]

1. d4 Nf6 2. c4 e6 3. Nc3 Bb4 4. Nf3 c5 5. e3 b6 6. Bd2 Bb7 7. Bd3 d6 8. a3
Bxc3 9. Bxc3 O-O 10. b4 Ne4 11. Bb2 Nd7 12. O-O a5 13. Nd2 f5 14. f3 Nxd2 15.
Qxd2 Qg5 16. Bc3 axb4 17. axb4 Rxa1 18. Bxa1 cxd4 19. Bxd4 Ra8 20. Be2 h6 21.
Ra1 Qd8 22. Rxa8 Qxa8 23. Bxb6 Nxb6 24. Qxd6 Nc8 25. Qxe6+ Kh8 26. Qxf5 Ne7 27.
Qd7 Ng8 28. b5 Nf6 29. Qd4 Qc8 30. c5 Bd5 31. e4 Be6 32. c6 Qc7 33. Bd1 Qa5 34.
Be2 Qc7 35. Qc5 Nd7 36. Qe7 Qa7+ 37. Kf1 Qa1+ 38. Kf2 Qd4+ 39. Kg3 Qe5+ 40. f4
Qc3+ 41. Kf2 Qd4+ 42. Ke1 Nc5 43. Qh4 Nxe4 44. Kf1 g5 45. Qe1 0-1

[Event "Znojemska Rotunda 2007"]
[Site "?"]
[Date "2007.08.20"]
[Round "4.3"]
[White "Babczynski, Marcel"]
[Black "Blazek, Milos"]
[Result "1-0"]
[WhiteElo "1942"]
[BlackElo "2092"]
[PlyCount "83"]
[EventDate "2007.08.18"]

1. e4 e5 2. Nf3 Nc6 3. Bc4 Nf6 4. Ng5 Bc5 5. Nxf7 Bxf2+ 6. Kxf2 Nxe4+ 7. Kg1
Qh4 8. g3 Nxg3 9. Nxh8 Nxh1 10. Qf1 Nf2 11. Bf7+ Ke7 12. Qxf2 Qg4+ 13. Qg3 d6
14. Qxg4 Bxg4 15. Bb3 Rxh8 16. c3 Rf8 17. d3 Be2 18. Bg5+ Kd7 19. Na3 Bxd3 20.
Bc2 Rf3 21. Bxd3 Rxd3 22. Rf1 h6 23. Bh4 g5 24. Bg3 h5 25. Rf7+ Ke6 26. Rxc7 h4
27. Be1 e4 28. Nc2 Rd1 29. Kf1 Rc1 30. Ne3 Ne5 31. Ke2 Nf3 32. Bd2 Rh1 33. Ng4
Nxh2 34. Nf2 Rb1 35. Bxg5 Nf3 36. Nxe4 Ng1+ 37. Kd3 h3 38. Bf4 d5 39. Nd2 Rd1
40. Rh7 Kf5 41. Bh2 Nf3 42. Rf7+ 1-0

[Event "Znojemska Rotunda 2007"]
[Site "?"]
[Date "2007.08.20"]
[Round "4.4"]
[White "Horak, Karel jun"]
[Black "Jurica, Peter"]
[Result "1-0"]
[WhiteElo "1943"]
[BlackElo "2115"]
[PlyCount "71"]
[EventDate "2007.08.18"]

1. e4 Nf6 2. e5 Nd5 3. d4 d6 4. Nf3 Bg4 5. Be2 e6 6. h3 Bxf3 7. Bxf3 c6 8. O-O
dxe5 9. dxe5 Nd7 10. Qe2 Qc7 11. c4 Ne7 12. Re1 Nf5 13. Bg4 Bb4 14. Nc3 O-O-O
15. a3 Be7 16. Bxf5 exf5 17. f4 Nc5 18. Qc2 Nd3 19. Rd1 Qd7 20. Be3 g5 21. Nd5
gxf4 22. Rxd3 fxe3 23. Nb6+ axb6 24. Rxd7 Rxd7 25. Qxf5 Bh4 26. Kf1 Bf2 27. b4
Rhd8 28. Rd1 Kc7 29. Rxd7+ Rxd7 30. Qxh7 Rd1+ 31. Ke2 Rd2+ 32. Kf3 Kb8 33. h4
Bg1 34. h5 e2 35. Qe4 Bd4 36. e6 1-0

[Event "Znojemska Rotunda 2007"]
[Site "?"]
[Date "2007.08.20"]
[Round "4.5"]
[White "Jostic, Peter"]
[Black "Slacky, Stanislav"]
[Result "1/2-1/2"]
[WhiteElo "1612"]
[BlackElo "2112"]
[PlyCount "30"]
[EventDate "2007.08.18"]

1. d4 Nf6 2. Nf3 e6 3. c4 Bb4+ 4. Bd2 c5 5. e3 Bxd2+ 6. Nbxd2 cxd4 7. exd4 O-O
8. Bd3 d5 9. O-O Nc6 10. cxd5 exd5 11. Re1 Bg4 12. Nb3 Qb6 13. Be2 Rfe8 14. Rc1
h6 15. Nc5 Rad8 1/2-1/2

[Event "Znojemska Rotunda 2007"]
[Site "?"]
[Date "2007.08.20"]
[Round "4.6"]
[White "Vavrousek, Petr"]
[Black "Dvorak, Libor"]
[Result "0-1"]
[WhiteElo "1887"]
[BlackElo "2082"]
[PlyCount "66"]
[EventDate "2007.08.18"]

1. e4 c5 2. Nf3 d6 3. d4 cxd4 4. Nxd4 Nf6 5. Nc3 g6 6. Be2 Bg7 7. O-O Nc6 8.
Nb3 O-O 9. Bg5 a6 10. Kh1 b5 11. f4 b4 12. Bxf6 Bxf6 13. Na4 Bd7 14. a3 a5 15.
Bg4 Bxg4 16. Qxg4 Qc7 17. c3 bxc3 18. Nxc3 Qb7 19. Nd5 Qxb3 20. Nxf6+ exf6 21.
Qh4 Kg7 22. Rac1 Rac8 23. Rc3 Qb5 24. Qf2 f5 25. Rg3 fxe4 26. f5 f6 27. h4 Rce8
28. h5 g5 29. b4 e3 30. h6+ Kh8 31. Qe1 e2 32. Rff3 Nd4 33. Rc3 Qxf5 0-1

[Event "Znojemska Rotunda 2007"]
[Site "?"]
[Date "2007.08.20"]
[Round "4.7"]
[White "Fojtik, Tomas"]
[Black "Horak, Karel sen"]
[Result "0-1"]
[WhiteElo "2069"]
[BlackElo "1786"]
[PlyCount "68"]
[EventDate "2007.08.18"]

1. d4 Nf6 2. c4 g6 3. Nc3 Bg7 4. e4 d6 5. Nf3 O-O 6. Be2 e5 7. O-O Nc6 8. d5
Ne7 9. Ne1 Nd7 10. Nd3 f5 11. f3 f4 12. g4 Bf6 13. Bd2 h5 14. h3 Rf7 15. Kg2
hxg4 16. hxg4 Bh4 17. Rh1 g5 18. Qg1 Ng6 19. c5 a6 20. cxd6 cxd6 21. b4 Bg3 22.
Bd1 Nb6 23. Nb2 Bd7 24. a4 Rc8 25. Kf1 Nc4 26. Nxc4 Rxc4 27. Ne2 Bh4 28. Kg2
Bxg4 29. Bb3 Rc8 30. fxg4 f3+ 31. Kf1 fxe2+ 32. Kxe2 Rf2+ 33. Kd1 Qf6 34. Bc2
Qf3+ 0-1

[Event "Znojemska Rotunda 2007"]
[Site "?"]
[Date "2007.08.20"]
[Round "4.8"]
[White "Petlak, Josef"]
[Black "Kyselka, Daniel"]
[Result "1-0"]
[WhiteElo "2014"]
[BlackElo "1662"]
[PlyCount "71"]
[EventDate "2007.08.18"]

1. e4 e5 2. Nf3 Nc6 3. Bb5 a6 4. Ba4 b5 5. Bb3 Be7 6. c3 Nf6 7. Qe2 d6 8. d3
O-O 9. Nbd2 Bg4 10. h3 Bh5 11. g4 Bg6 12. Nf1 Na5 13. Bc2 c5 14. Ng3 Nd7 15. h4
f6 16. Nf5 Bf7 17. h5 Nb6 18. g5 Be6 19. gxf6 Bxf6 20. Rg1 Qd7 21. N3h4 Kh8 22.
Ng6+ Kg8 23. Nh6+ gxh6 24. Nxe5+ Qg7 25. Rxg7+ Bxg7 26. Ng4 Bxg4 27. Qxg4 Rf6
28. f4 Nc6 29. Be3 Kh8 30. O-O-O b4 31. Rg1 Rg8 32. Bb3 c4 33. dxc4 bxc3 34.
Bxb6 cxb2+ 35. Kb1 Ne7 36. c5 1-0

[Event "Znojemska Rotunda 2007"]
[Site "?"]
[Date "2007.08.20"]
[Round "4.9"]
[White "Adam, Petr"]
[Black "Valenta, Petr"]
[Result "0-1"]
[WhiteElo "1636"]
[BlackElo "1937"]
[PlyCount "96"]
[EventDate "2007.08.18"]

1. e4 c5 2. Nc3 Nc6 3. g3 g6 4. Bg2 Bg7 5. Nge2 d6 6. d3 Nf6 7. O-O O-O 8. f4
Bg4 9. h3 Bd7 10. Kh2 Rb8 11. a4 Qc8 12. Be3 a6 13. d4 cxd4 14. Nxd4 Qc7 15.
Nxc6 bxc6 16. e5 Ne8 17. exd6 exd6 18. Rb1 Nf6 19. b3 c5 20. Nd5 Nxd5 21. Bxd5
Rfe8 22. Re1 Bf5 23. Qd2 h5 24. Bc4 a5 25. Bf2 Be4 26. Re2 Bc6 27. Rxe8+ Rxe8
28. Re1 Rd8 29. Rd1 Bf3 30. Rf1 h4 31. gxh4 Bb7 32. Bd5 Bf6 33. h5 gxh5 34.
Rg1+ Kf8 35. Bxb7 Qxb7 36. f5 Be5+ 37. Bg3 Qe4 38. Re1 Bxg3+ 39. Kxg3 Qxf5 40.
Qh6+ Kg8 41. Rg1 f6 42. Kh4+ Kf7 43. Qg7+ Ke6 44. Re1+ Kd5 45. Qb7+ Kd4 46.
Rd1+ Kc3 47. Rd3+ Kb2 48. Qg2 Qf4+ 0-1

[Event "Znojemska Rotunda 2007"]
[Site "?"]
[Date "2007.08.20"]
[Round "4.12"]
[White "Dungl, Petr"]
[Black "Molik, Zdenek"]
[Result "1-0"]
[WhiteElo "1785"]
[BlackElo "1617"]
[PlyCount "111"]
[EventDate "2007.08.18"]

1. d4 d5 2. Nf3 e6 3. Bf4 Nf6 4. e3 Bd6 5. Bg3 c6 6. c3 Qc7 7. Nbd2 Nbd7 8. c4
dxc4 9. Bxc4 Bxg3 10. hxg3 h6 11. Rc1 Nb6 12. Bb3 Qe7 13. Ne5 Nbd7 14. Nxd7
Bxd7 15. g4 Rg8 16. f3 Nd5 17. Bxd5 exd5 18. Kf2 f5 19. gxf5 Bxf5 20. f4 Be4
21. Rh5 O-O-O 22. Qg4+ Qd7 23. Qxd7+ Kxd7 24. Nxe4 dxe4 25. Rcc5 b6 26. Rc3
Rge8 27. Ra3 Ra8 28. g4 Re6 29. Rc3 Rg6 30. Kg3 Rf6 31. Re5 Re8 32. Rh5 Kd6 33.
b4 Rb8 34. Re5 a5 35. bxa5 bxa5 36. Rxe4 Rb2 37. Ra3 Rb5 38. Re5 Rf7 39. Rxb5
cxb5 40. Rxa5 Rb7 41. e4 Ke6 42. Ra6+ Kf7 43. Kf3 b4 44. Ra4 Ke7 45. e5 Ke6 46.
Ke4 Ke7 47. Kd5 b3 48. axb3 Rxb3 49. Ra7+ Kf8 50. Ke6 Rb6+ 51. Kf5 g6+ 52. Ke4
Kg8 53. Rd7 Rb5 54. f5 gxf5+ 55. gxf5 Rb6 56. Rd6 1-0

[Event "Znojemska Rotunda 2007"]
[Site "?"]
[Date "2007.08.20"]
[Round "4.13"]
[White "Havel, Vojtech"]
[Black "Mikulu, Lukas"]
[Result "1-0"]
[WhiteElo "1661"]
[BlackElo "1608"]
[PlyCount "97"]
[EventDate "2007.08.18"]

1. d4 f5 2. c4 Nf6 3. Nc3 g6 4. Nf3 Bg7 5. g3 O-O 6. Bg2 d6 7. Qb3 Nbd7 8. Ng5
e5 9. Ne6 Qe7 10. Nxf8 Nxf8 11. Bg5 c6 12. dxe5 dxe5 13. O-O Ne6 14. Bxf6 Qxf6
15. e3 e4 16. Na4 h5 17. Rfd1 Ng5 18. Qc3 Qe7 19. Qd2 Be6 20. Qd6 Qxd6 21. Rxd6
Be5 22. Rd2 Bxc4 23. Nc3 b6 24. Rad1 Kg7 25. Rd7+ Kf6 26. a3 a5 27. Rd8 Rxd8
28. Rxd8 Nf3+ 29. Bxf3 exf3 30. Rc8 b5 31. Rxc6+ Kg5 32. h4+ Kh6 33. Nxb5 Bxb5
34. Rc5 Bxb2 35. Rxb5 Bxa3 36. Rxa5 Bb2 37. Ra4 Be5 38. e4 f4 39. gxf4 Bxf4 40.
Ra3 Be5 41. Rxf3 Bd4 42. Kg2 g5 43. hxg5+ Kxg5 44. Rf5+ Kg4 45. Rf8 Be5 46. f3+
Kg5 47. Rf5+ Kh4 48. f4 Bg7 49. Rf7 1-0

[Event "Znojemska Rotunda 2007"]
[Site "?"]
[Date "2007.08.20"]
[Round "4.14"]
[White "Hemala, Lubos"]
[Black "Rysavy, Jan"]
[Result "1/2-1/2"]
[WhiteElo "1653"]
[BlackElo "1601"]
[PlyCount "67"]
[EventDate "2007.08.18"]

1. e4 c5 2. Nf3 d6 3. d4 cxd4 4. Nxd4 Nf6 5. Nc3 g6 6. Bc4 Bg7 7. Be3 O-O 8.
Qd2 Nc6 9. Nxc6 bxc6 10. f3 Bd7 11. O-O Qc7 12. Bb3 a5 13. Na4 c5 14. c4 Rab8
15. Rad1 Nh5 16. g4 Nf6 17. Nxc5 dxc5 18. Bf4 e5 19. Bg5 Rbd8 20. Qd6 Qc6 21.
Qd2 Qc7 22. Qd6 Qxd6 23. Rxd6 Be6 24. Rfd1 Rxd6 25. Rxd6 Ra8 26. Ba4 h6 27. Bh4
g5 28. Bf2 Bf8 29. Rb6 Nd7 30. Rxe6 fxe6 31. Bxd7 Kf7 32. Be3 Rb8 33. Bb5 Rd8
34. Ba4 1/2-1/2

[Event "Znojemska Rotunda 2007"]
[Site "?"]
[Date "2007.08.20"]
[Round "4.15"]
[White "Sramek, Jiri"]
[Black "Chlapecka, Adam"]
[Result "0-1"]
[WhiteElo "1366"]
[BlackElo "1493"]
[PlyCount "54"]
[EventDate "2007.08.18"]

1. e4 c5 2. Nf3 d6 3. d4 cxd4 4. Nxd4 Nf6 5. Nc3 a6 6. Bd3 e6 7. O-O Be7 8. Be3
O-O 9. Qd2 Qc7 10. Nde2 Nbd7 11. Rad1 Nc5 12. Rfe1 b5 13. b4 Nxd3 14. Qxd3 Bb7
15. Ng3 Rac8 16. Bd2 d5 17. a3 dxe4 18. Ngxe4 Rfd8 19. Nxf6+ Bxf6 20. Qg3 Qxg3
21. hxg3 Rxd2 22. Rxd2 Bxc3 23. Red1 Bxd2 24. Rxd2 Bd5 25. f3 Rc3 26. a4 bxa4
27. Kf2 a3 0-1

[Event "Znojemska Rotunda 2007"]
[Site "?"]
[Date "2007.08.21"]
[Round "5.1"]
[White "Docekal, Jan"]
[Black "Babczynski, Marcel"]
[Result "1-0"]
[WhiteElo "2209"]
[BlackElo "1942"]
[PlyCount "45"]
[EventDate "2007.08.18"]

1. e4 e5 2. Nf3 Nc6 3. Bc4 Nf6 4. d4 exd4 5. O-O Nxe4 6. Re1 d5 7. Bxd5 Qxd5 8.
Nc3 Qa5 9. Nxe4 Be6 10. Neg5 O-O-O 11. Nxe6 fxe6 12. Rxe6 Bd6 13. Bg5 Rde8 14.
Qe2 Ref8 15. Bh4 Qh5 16. Bg3 Bxg3 17. hxg3 Qf7 18. Re1 h6 19. Qc4 Qd7 20. Ne5
Nxe5 21. R1xe5 Rd8 22. Re7 Qd6 23. R5e6 1-0

[Event "Znojemska Rotunda 2007"]
[Site "?"]
[Date "2007.08.21"]
[Round "5.2"]
[White "Snorek, Milan"]
[Black "Horak, Karel jun"]
[Result "0-1"]
[WhiteElo "2152"]
[BlackElo "1873"]
[PlyCount "74"]
[EventDate "2007.08.18"]

1. d4 Nf6 2. Nf3 g6 3. c4 Bg7 4. Nc3 d6 5. g3 O-O 6. Bg2 Nbd7 7. O-O e5 8. e4
a6 9. a4 exd4 10. Nxd4 Ne5 11. b3 Bd7 12. h3 Nc6 13. Bb2 Re8 14. Nxc6 Bxc6 15.
Nd5 Nxd5 16. Bxg7 Nf6 17. Bxf6 Qxf6 18. Qd3 Re6 19. b4 Rae8 20. f3 b6 21. b5
Ba8 22. Ra2 Qe5 23. g4 a5 24. Kh1 Qg3 25. Rg1 Bxe4 26. Qf1 Bc2 27. Rxc2 Re1 28.
Qf2 (28. Qxe1 Rxe1 29. Rxe1 Qxe1+ 30. Bf1 Qxf1+ 31. Kh2 Qxf3) 28... Rxg1+ 29.
Kxg1 Re1+ 30. Qxe1 Qxe1+ 31. Bf1 Qe3+ 32. Kg2 Qb3 33. Re2 Qxa4 34. Re8+ Kg7 35.
Re7 Qc2+ 36. Kg3 a4 37. Re3 Qc1 0-1

[Event "Znojemska Rotunda 2007"]
[Site "?"]
[Date "2007.08.21"]
[Round "5.3"]
[White "Dvorak, Libor"]
[Black "Petlak, Josef"]
[Result "1-0"]
[WhiteElo "2078"]
[BlackElo "2009"]
[PlyCount "49"]
[EventDate "2007.08.18"]

1. Nf3 d5 2. c4 d4 3. g3 g6 4. Bg2 Bg7 5. d3 c5 6. b4 Nd7 7. Qa4 Qc7 8. bxc5
Qxc5 9. Nbd2 e5 10. Ng5 Bf8 11. Bd5 Nh6 12. Rb1 Qc7 13. Nde4 Be7 14. Ba3 Kf8
15. Bxe7+ Kxe7 16. Qa3+ Kd8 17. Nd6 Rf8 18. Nxb7+ Bxb7 19. Rxb7 Qc8 20. Qd6 Re8
21. Bc6 Re7 22. Bxd7 Qxb7 23. Bc6+ Rd7 24. Qf6+ Kc7 25. Bxb7 1-0

[Event "Znojemska Rotunda 2007"]
[Site "?"]
[Date "2007.08.21"]
[Round "5.4"]
[White "Horak, Karel sen"]
[Black "Jostic, Peter"]
[Result "0-1"]
[WhiteElo "1770"]
[BlackElo "1612"]
[PlyCount "68"]
[EventDate "2007.08.18"]

1. d4 Nf6 2. Nf3 g6 3. Bf4 Bg7 4. e3 O-O 5. h3 c5 6. c3 d5 7. Be2 Nc6 8. O-O
Nd7 9. a4 e5 10. Bg5 f6 11. Bh4 cxd4 12. exd4 e4 13. Ne1 Ne7 14. Qb3 Rf7 15.
Bg3 f5 16. Bf4 Nf8 17. Nd2 Ne6 18. Be5 Bxe5 19. dxe5 f4 20. c4 f3 21. Ndxf3
exf3 22. Nxf3 d4 23. Bd3 Nc6 24. Qb5 Rxf3 25. gxf3 Nf4 26. e6 Nxd3 27. Qd5 Qxd5
28. cxd5 Ncb4 29. Rfd1 Nf4 30. e7 Bf5 31. d6 Kf7 32. Kh2 d3 33. Kg3 Ne2+ 34.
Kh4 Kf6 0-1